000 00425nam a22001337a 4500
003 SGT
082 _a617.692
_bA12G
100 _aGOYAL, MITU
245 _aASSOCIATION OF SEVERE EARLY CHILDHOOD CARIES AND ANAEMIA DUE TO NUTRITIONAL DEFICIENCY BODY WEIGHT AND BEHAVIOUR PATTERNS IN PRESHOOL CHILDREN
260 _aDELHI NCR
_bSGT UNIVERSITY GURUGRAM
_c2012
300 _a1-70
650 _aPEDODONTICS
942 _2ddc
_cTH
_01
999 _c18573
_d18573